00546nam a2200169 i 4500001000700000003000900007005001700016008004100033100003000074245005000104260004200154300002600196500004100222650003000263650003400293852004900327179864ES-MaACL20230906220928.0120215s1870 fr |||| | fre d1 aNoir, Louis (d1837-1901)12aL'art de battre les prussiens / cLouis Noir. aParis : bA. Degorce-Cadot, c[1870?] a140, 16 p. ; c19 cm. aLas 16 p., son catálogo editorial. 4aSadowa, Batalla de, 1866. 4aGuerra austro-prusiana, 1866. aES-MaACLjD-2907 z.- Legado M. de la Fuente